000 00248nam a2200097Ia 4500
001 701806
005 20250826162320.0
008 250824s9999 xx 000 0 und d
245 0 _aABDURRAHMAN HAN DESTANI
_cİSA ÖZKAN
260 _bKÜLTÜR BAKANLIĞI
999 _c701806
_d701806